| 000 | 00436nam a2200145Ia 4500 | ||
|---|---|---|---|
| 008 | 210716s1990 xx 000 0 und d | ||
| 041 | _aeng | ||
| 082 | _a005.45 WILD | ||
| 100 | _aWilliams, Dave. | ||
| 245 |
_aProgrammers technical reference: ms dos ibm pc and compatibles. _bMs dos ibm pc and compatibles. |
||
| 250 | _a1 | ||
| 260 |
_aNew Delhi _bGalgotia Publications Pvt Ltd _c1990 |
||
| 300 | _a384 | ||
| 650 | _aMS DOS(005.3682) | ||
| 999 |
_c182502 _d182502 |
||